| Поле | Инд. | ПП | Название | Значение |
|---|---|---|---|---|
| Тип записи | a | |||
| Библиографический уровень | m | |||
| 001 | Контрольный номер | 9d3403e2a3a3404b9b1af5131e294677 | ||
| 005 | Дата корректировки | 20161118152900.9 | ||
| 008 | Кодируемые данные | 071016 | ||
| 020 | a | ISBN | 1-85984-392-1 (pbk) | |
| c | Цена, тираж | 654.94 | ||
| 040 | a | Служба первич. каталог. | НБ ТвГУ | |
| 041 | a | Код языка текста | eng | |
| 080 | a | Индекс УДК | 330.342.14 | |
| 084 | a | Индекс другой классификации/Индекс ББК | У013.5 | |
| 090 | x | Авторский знак | W83 | |
| a | Полочн. индекс | У013.5 | ||
| 100 | 1_ | a | Автор | Wood Ellen Meiksins |
| 245 | 10 | a | Заглавие | The origin of capitalism |
| b | Продолж. заглавия | a longer view | ||
| c | Ответственность | Ellen Meiksins Wood | ||
| 260 | 0_ | a | Место издания | London |
| a | Место издания | New York | ||
| b | Издательство | Verso | ||
| c | Дата издания | 2002 | ||
| 300 | a | Объем | [5], 213 p. | |
| c | Размеры | 21 cm. | ||
| 504 | a | Библиография | Includes bibliogr. ref. - Ind.: p. 209-213. | |
| 583 | a | Действие | Получение впервые 268 24.10.2007 | |
| k | Исполнитель действия | Дар Оксфордско-Российского Фонда | ||
| 650 | a | Основная рубрика | Экономическая теория | |
| 650 | a | Основная рубрика | Капиталистический способ производства | |
| 653 | a | Ключевые слова | Экономическая теория | |
| a | Ключевые слова | Стадии экономического развития | ||
| a | Ключевые слова | Капитализм | ||
| a | Ключевые слова | Капиталистический способ производства | ||
| a | Ключевые слова | Оксфордско-Российский фонд | ||
| 852 | t | Порядковый номер экземпляра | 1 | |
| p | Инвентарный номер | 886907 | ||
| 863 | t | 00177167 | ||
| 888 | a | Бесплатные | ||
| 930 | a | Новая/Ретро | иностр | |
| a | Новая/Ретро | англ | ||
| 952 | p | 268.2007 654.94 1 886907 | ||
| c | Вид литературы | К ин | ||
| 954 | a | Дата поступления на обработку | 20071127 | |
| 999 | a | Подразделение 2 | ч.з. |